000 00726cam a22002533a 4500
001 20449
003 PGUSA
005 20140828083431.0
008 070125s2007||||xxu|||||s|||||000 1 eng d
040 _aPGUSA
_beng
042 _adc
050 4 _aPS
100 1 _aPhillips, David Graham,
_d1867-1911
245 1 4 _aThe Plum Tree
_h[electronic resource] /
_cDavid Graham Phillips
260 _bProject Gutenberg,
_c2007
506 _aPublic domain in the USA.
516 _aElectronic text
653 _aDidactic fiction
653 _aPolitical fiction
700 1 _aAshe, Edmund M.
_q(Edmund Marion),
_d1867-1941
830 0 _aProject Gutenberg
_v20449
856 4 0 _uhttp://www.gutenberg.org/ebooks/20449
942 _cEB
999 _c249704
_d249704